书目信息 |
| 题名: |
特别报道
|
|
| 作者: | 孙晓阳 主编 | |
| 分册: | ||
| 出版信息: | 北京 中国人民公安大学出版社 2003 |
|
| 页数: | 324页 | |
| 开本: | 24cm | |
| 丛书名: | 人民公安记者行动 | |
| 单 册: | ||
| 中图分类: | I253.1 | |
| 科图分类: | ||
| 主题词: | 新闻报道--中国--当代--作品集 | |
| 电子资源: | ||
| ISBN: | 7-81087-277-X | |
| 000 | 00901nam 2200241 450 | |
| 001 | 192004003108 | |
| 005 | 20070914164309.62 | |
| 010 | @a7-81087-277-X@dCNY38.00 | |
| 100 | @a20070601d2003 ekmy0chiy0121 ea | |
| 101 | 0 | @achi |
| 102 | @aCN@b110000 | |
| 105 | @aa z 000yy | |
| 200 | 1 | @a特别报道@Ate bie bao dao@f孙晓阳主编 |
| 210 | @a北京@c中国人民公安大学出版社@d2003 | |
| 215 | @a324页@d24cm | |
| 225 | 2 | @a人民公安记者行动@Aren min gong an ji zhe hang dong@h3 |
| 330 | @a本套丛书内容翔实、可读性强,既有对近年来公安改革的深度报道,又论及公安队伍建设的焦点话题;既有对全国产生影响的大要案的现场直击,又有对公安民警大智大勇、无私奉献的热情讴歌;既保持了报纸原文的风格,又便于集中查阅和保存。 | |
| 410 | 0 | @12001 @a人民公安记者行动 |
| 606 | 0 | @a新闻报道@y中国@z当代@j作品集 |
| 690 | @aI253.1@v4 | |
| 701 | 0 | @a孙晓阳@Asun xiao yang@4主编 |
| 801 | 0 | @aCN@c20070914 |
| 905 | @dI253.1@eS968 | |
| 特别报道/孙晓阳主编.-北京:中国人民公安大学出版社,2003 |
| 324页;24cm.-(人民公安记者行动.3) |
| ISBN 7-81087-277-X:CNY38.00 |
| 本套丛书内容翔实、可读性强,既有对近年来公安改革的深度报道,又论及公安队伍建设的焦点话题;既有对全国产生影响的大要案的现场直击,又有对公安民警大智大勇、无私奉献的热情讴歌;既保持了报纸原文的风格,又便于集中查阅和保存。 |
| ● |
| 相关链接 |
|
|
|
正题名:特别报道
索取号:I253.1/S968
 
预约/预借
| 序号 | 登录号 | 条形码 | 馆藏地/架位号 | 状态 | 备注 |
| 1 | 620552 | 206205523 | 社科二线400B/400B社科库 17排4列3层/ [索取号:I253.1/S968] | 在馆 | |
| 2 | 620553 | 206205532 | 文学库108/108文学库 67排9列1层/ [索取号:I253.1/S968] | 在馆 | |
| 3 | 620554 | 206205541 | 文学库108/108文学库 67排9列1层/ [索取号:I253.1/S968] | 在馆 |